Pyrolýza uhľovodíkov 5 Pyrolýza benzínov a niektorých benzínových uhľovodíkov

Bibliographic Details
Main Authors: Mikulec, J. (Author), Bajus, Martin, 1943- (Author), Veselý, Václav, 1911-1997 (Author)
Format: Article
Language:Slovak

MARC

LEADER 00000nab a2200000uu 4500
001 vtls011153485
003 SK-MaSNL
005 20260303104326.0
008 230121|1977 xo |||||||||||||||||slo|
015 |a SNBRB 
035 |a (urnnbn)urn:nbn:sk:snk:ar-a0a5s4 
035 |a (uuid)ed59e725-8c25-4aa3-9444-b1d6a6fb674d 
035 |a urn:nbn:sk:snk-abb2fy 
040 |a SNKBUCL  |b slo  |c SNKBUCL  |e AACR2 
041 0 |a slo 
044 |a xo  |c SK 
100 1 |a Mikulec, J.  |4 aut  |9 1007266 
245 1 0 |a Pyrolýza uhľovodíkov  |n 5  |p Pyrolýza benzínov a niektorých benzínových uhľovodíkov  |c J. Mikulec, M. Bajus, V. Veselý 
700 1 |a Bajus, Martin,  |d 1943-  |4 aut  |9 105071 
700 1 |a Veselý, Václav,  |d 1911-1997  |4 aut  |9 37333 
773 0 |t Ropa a uhlie : technológia ropy a uhľovodíkových plynov, chemické zužitkovanie uhlia, palivá, technika mazania  |g Roč. 19, č. 8 (1977), s. 413-418 
954 |a odborná, vedecká literatúra pôvodná (slovenská)  |2 lita 
958 |a OND 
958 |a EUIPO 
958 |a article14 
999 |c 1855821  |d 1857751